Villes de France Métropolitaine entre 100 000 et 200 000 habitants - Statistiques

Statistiques générales
  • Ce quiz a été pris 394 fois
  • Le résultat moyen est 24 sur 29
Statistiques - réponses
Réponse % Correct
Brest
93%
Dijon
93%
Grenoble
92%
Le Havre
91%
Nîmes
91%
Caen
90%
Metz
90%
Reims
90%
Nancy
89%
Orléans
89%
Rouen
89%
Toulon
89%
Amiens
88%
Saint-Etienne
88%
Le Mans
87%
Perpignan
87%
Angers
86%
Tours
86%
Annecy
85%
Clermont-Ferrand
85%
Mulhouse
84%
Saint-Denis
84%
Aix-en-Provence
82%
Besançon
81%
Villeurbanne
81%
Limoges
80%
Boulogne-Billancourt
64%
Argenteuil
57%
Montreuil
53%
Aucun quiz correspondant
Distribution des résultats
% des personnes avec chaque résultat
Percentile par nombre de réponses
Votre historique - résultats
Vous n’avez pas pris ce quiz